| 000 | 00627nam a2200205 i 4500 | ||
|---|---|---|---|
| 001 | 38776 | ||
| 003 | ES-MaACL | ||
| 005 | 20230906155822.0 | ||
| 007 | t| | ||
| 008 | 030226s1936 sp ||||1| spa d | ||
| 080 | _a535:628.9(022) | ||
| 100 | 1 |
_aCámara Niño, Sixto. _933996 |
|
| 245 | 1 | 0 |
_aCálculo del alumbrado directo por armaduras simétricas / _cpor Sixto Cámara Niño. |
| 260 |
_aMadrid : _b[Gestetner, _c1936] |
||
| 300 |
_a42 p. ; _c17 cm. |
||
| 597 | _aEjemplar reproducido a ciclostil con varios planos. | ||
| 650 | 4 |
_aLuminotecnia. _914715 |
|
| 650 | 4 |
_aIluminación. _9174818 |
|
| 852 | 4 |
_aES-MaACL _j1822-F-1 |
|
| 999 |
_c38776 _d38776 |
||